000
00298nam a22001217a 4500
020
_a
07-002669-6
082
_a
621.381 AZA'E
100
_a
BROPHY, J. J,AZAROFF, L. V
_9
74195
245
_a
ELECTRINIC PROCESSES IN MATERIALS
260
_a
NEWYORK
_b
MCGRAW HILL
_c
1963
300
_a
462P
942
_c
BK
999
_c
579756
_d
579756